000 00309nam a2200121 a 4500
005 20140414132114.0
008 110824s19uu xx 00 eng d
050 _aFIC
_bP21 1980
100 _aParish, Peggy
245 _aGood work amelia bedelia.
260 _aU.S.A :
_bAvon Camelot,
_c1980.
999 _c114850
_d114850